000 00455nab a2200193 a 4500
001 18406
003 47091
005 20201118095732.0
008 ||||||n9999 ||| || ||
041 _aspa
100 _aHolland, Edward
245 0 _aSin nocaut todavia
260 _aChile :
_bGrupo Nanbei,
_c1992.
300 _app. 34-35
562 _e0
650 _aCONTROL ECONOMICO
773 _018400
_aAmérica Economía - No.61
942 _cSART
999 _c18406
_d18406